| 000 | 01620nam a22002057a 4500 | ||
|---|---|---|---|
| 005 | 20130702150019.0 | ||
| 010 | _aB-508936-937 | ||
| 020 |
_a9788131706992 _c650.00 |
||
| 035 | _aB-508936-937 | ||
| 037 |
_adpl _bKBD/Ven |
||
| 082 | _a546 | ||
| 100 | _aHuheey, James E | ||
| 245 |
_aInorganic Chemistry: _cby James E. Huheey [et......all] _bprinciples of structure and reactivity/ |
||
| 260 |
_aNew Delhi _bPearson _c2013 |
||
| 270 |
_a11 Community Centre, Panchsheel Park, _bNew Delhi _e110017 |
||
| 300 |
_a808p. _c23cm(pbk) |
||
| 700 | _dKeiter, Ellen A | ||
| 942 |
_2ddc _cEN _h546 _mHUH |
||
| 999 |
_c77137 _d77137 |
||